MDQL
is popping MORE tags! Check the
thread
!
Quizzes
Events
Quiz Creation
Community
Videos
Private Events
Remove Ads
Sign In
Join for FREE
Feedback
Dark Mode
Quiz Categories
Sports
Geography
Music
Movies
Television
Just For Fun
Miscellaneous
History
Literature
Language
Science
Gaming
Entertainment
Religion
Holiday
For Kids
Quiz Lab
Recent
Popular Today
Quiz Kudos Today
Editor Picks
Curator Picks
Quizzes by...
Day
Popularity
Type
Ratings
Length
Year
Community
Subscriptions
Recent Discussions
Orange Saloon
Badges
Playlists
Quests
Create
Leaderboards
Showdown
Live 5
Trivia Bingo
Activity
Puzzle Library
Sporcle Events
Private Events
Virtual Trivia
Globe League
Become a Host
Pub Owners
SporcleCon
Opinionation
Our Games
Videos
Blog
Mobile Apps
Partnerships
Remove Ads and Go Orange
Feedback
History
US Presidents
World Leaders
Politics
Nation
Discovery
War
Decade
Year
Century
Biography
Art
History
US Presidents
World Leaders
Politics
Nation
Discovery
War
Decade
Year
Century
Biography
Art
Random Quiz
Search Sporcle
×
Quiz Lab
Quiz Lab
History
home
Type in answers that appear in a list
Type in answers that appear in a list
Classic
Best Score? Go Orange.
Names of US Presidential Homes Stats
Can you name the named US Presidential Homes?
By
EgoNemo
10m
28 Questions
58 Plays
58 Plays
58 Plays
Comments
Comments
Give Quiz Kudos
Give Quiz Kudos
-
- Ratings
hide this ad
Replay
Link that replays current quiz
Next Quiz
Link to next quiz in quiz playlist
You Got
0%
They Got
Avg Score
34%
Avg Friend Score
Upgrade to see
Score Distribution
Jump to the score distribution portion of the page
Score
0/28
Timer
10:00
0
Plays Today
President
Home
% Correct
George Washington
Mount Vernon
93.1%
Thomas Jefferson
Monticello
91.4%
Andrew Jackson
The Hermitage
63.8%
James Madison
Montpelier
48.3%
John Adams
Peacefield
43.1%
John Quincy Adams
Peacefield
43.1%
James Monroe
Ash Lawn-Highland
41.4%
John Tyler
Sherwood Forest
37.9%
John Fitzgerald Kennedy
Kennedy Compound
37.9%
Lyndon Baines Johnson
LBJ Ranch
36.2%
Zachary Taylor
Springfield
34.5%
Theodore Roosevelt
Sagamore Hill
34.5%
Martin Van Buren
Lindenwald
32.8%
William Henry Harrison
Grouseland
32.8%
President
Home
% Correct
Franklin Pierce
Pierce Manse
32.8%
Franklin Delano Roosevelt
Springwood
32.8%
James Knox Polk
Polk Place (demolished)
29.3%
James Buchanan
Wheatland
29.3%
Rutherford B. Hayes
Spiegel Grove
29.3%
Dwight David Eisenhower
Eisenhower Farm
25.9%
Richard M. Nixon
La Casa Pacifica
24.1%
Ronald Reagan
Rancho del Cielo
22.4%
James A. Garfield
Lawnfield
17.2%
George Walker Bush
Prairie Chapel Ranch
15.5%
Calvin Coolidge
The Beeches
12.1%
Herbert Hoover
Forest Hills
10.3%
Grover Cleveland
Westland
8.6%
Millard Fillmore
Fillmore House (Hey, not all the names are Romantic. Fillmore was a boring guy!)
3.4%
Quiz Playlist
Details
Report
Send in Message
Add To Playlist
Classic:
Type in answers that appear in a list
Quiz Source
Last Updated: Feb 16, 2017
Quiz Scoreboard
CHALLENGE
Sign Up to Join the Scoreboard
Show All
Scores
Hide
Comments
May contain spoilers
Recently Published
Two Season TV Shows II
by 123Four
Television
10m
Image Sorting: Flags VI
by Barbecue
Geography
2m
Find the 'City' Movie
by crazypaving
Movies
60s
More to Explore
Quiz From the Vault
Featured Blog Post
14 Easter Pick-up Lines to Find Eggs With
hide this ad
You Might Also Like...
Tags
home
location
President
Today's Top Quizzes in History
Browse History
hide this ad
Today's Top Quizzes in home
Browse home
Top Contributed Quizzes in History
1
I Am Born On March 29th
2
Order Up: 1000 Years of World Events I
3
US National Parks Named After People
4
Popular People in 1991
5
Popular People in 1951
6
Popular People in 1941
7
Popular People in 1981
8
Popular People in 1986
9
Popular People in 1921
10
Popular People in 1976
Explore More
Trending Topics
Harry Potter
Crossword
Kpop
NBA
Disney
Marvel
Anime
Song
Country
NFL
Soccer
WWE
The Office
Puzzle
Pokémon
hide this ad
More By:
EgoNemo
Quiz
Plays
Rating
Category
Featured
Created
Presidential Gifts since 1920
587
3.43
History
Dec 18, 2015
History of Telecommunications Technology
225
4.17
Science
Dec 17, 2015
John Adams' proposed titles for President
70
5.00
History
Dec 21, 2015
Names of US Presidential Homes
58
5.00
History
Dec 22, 2015
History of Moving Picture Technology
43
5.00
Science
Dec 16, 2015
Go to Creator's Profile
Score Distribution
Quiz Creator Spotlight
EgoNemo
Follow
Send a Message
Quizzes Created
-
Created Quiz Play Count
-
More By This Creator
Popular Quizzes Today
1
Find the US States - No Outlines Minefield
2
Colored Red Africa Blitz
3
Find the 'City' Movie
4
5x2 Blitz: Bands
5
The Countries of the World
6
Find the Countries of Europe - No Outlines Minefield
7
Find the US States
8
US States
More History Quizzes
Hands in Art
Published
Trending Quizzes
Colored Red Europe Blitz I
Colored Red Africa Blitz II
Colored Red Europe Blitz II
Colored Red Europe Blitz III
Colored Red Africa Blitz III
Recently Updated
How Do You Spell That?
pecheneg
Godzilla Movies
pecheneg
Grab Bag: 4-10 Letters
pecheneg
2024 March Madness Bracket
pecheneg
Famous TV Couples
Peacemaker
Champions League XIs: Real Madrid
pecheneg
Largest US Cities 1790-2010
pecheneg
Rides in Walt Disney World
pecheneg
Most Oscar Losses (Acting)
pecheneg
Beyoncé Albums
pecheneg
Trending Topics
Crossword
Kpop
NBA
Disney
Harry Potter
Anime
Marvel
Pokémon
NFL
The Office
Soccer
Puzzle
WWE
Country
Song
Your Account Isn't Verified!
In order to create a playlist on Sporcle, you need to verify the email address you used during registration. Go to your
Sporcle Settings
to finish the process.
Report this User
Report this user for behavior that violates our
Community Guidelines
.
Details:
Send Report
Go to the Sporcle.com Mobile Site →
Comments